Tratado de cerámica

Bibliografische gegevens
Hoofdauteur: Lynggaard, Finn
Formaat: Boek
Taal:Spanish
Onderwerpen:

MARC

LEADER 00000cam a2200000 a 4500
001 74825
005 20230308162923.0
008 000000|1983 ||||||||r|||||||||||spa||
020 |a 8428204381 
040 |b spa 
041 1 |a spa 
082 0 |a 666 
100 1 |a Lynggaard, Finn  |9 37624 
245 |a Tratado de cerámica  |c Finn Lynggaard. traducción de Hanne Pape  |h imp 
264 |a Barcelona  |b Omega  |c 1983 
300 |a 282 páginas:  |b ilu  |e 25 cm. 
650 1 0 |a Cerámica  |9 2009 
852 |a UC-CDJBV  |c ESTANTERIA CERRADA  |f Compra  |k lucia.mora  |l 1  |m General  |p 00000000  |r 2  |t 74825  |b 0  |d CDRC  |e CDRC  |g 666 ESTANTERIA CERRADA  |z 0000-00-00 
942 |c BK 
999 |c 19826  |d 19826